000
00256nam a22001217a 4500
040
_c
SY
082
_a
363
100
_a
DOUGLAS HOLTZ-EAKIN
245
_a
The economics of climate change:a primer
260
_a
RUA
_b
DOU
_c
2003
300
_a
65p.
942
_c
EK
999
_c
9915
_d
9915